Trading up : how Cargill, the world's largest grain trading company, is changing Canadian agriculture /

Bibliographic Details
Main Author: Kneen, Brewster
Format: Book
Language:English
Published: Toronto : NC Press ; 1990.
Subjects:

MARC

Tag First Indicator Second Indicator Subfields
LEADER 00000cam a2200000 a 4500
001 in00000974921
005 20150927112836.0
008 900724s1990 oncab b 00110 eng
010 |a  90178274  
020 |a 1550210602 :  |c $11.95 
035 |a (OCoLC)22545171 
035 |9 AEW5153AM 
040 |a DLC  |c DLC  |d UtOrBLW 
043 |a n-cn--- 
049 |a TXAM 
050 0 0 |a HD9044.C33  |b C375 1990 
082 0 0 |a 338.1/731/0971  |2 20 
100 1 |a Kneen, Brewster. 
245 1 0 |a Trading up :  |b how Cargill, the world's largest grain trading company, is changing Canadian agriculture /  |c Brewster Kneen. 
264 1 |a Toronto :  |b NC Press ;  |c 1990. 
264 2 |a Cincinnati, Ohio :  |b Distributed in the United States of America by Seven Hills Books Distributors, 
300 |a 136 pages :  |b illustrations, maps ;  |c 23 cm. 
336 |a text  |b txt  |2 rdacontent 
337 |a unmediated  |b n  |2 rdamedia 
338 |a volume  |b nc  |2 rdacarrier 
504 |a Includes bibliographical references (pages [127]-133) and index. 
610 2 0 |a Cargill, Inc. 
650 0 |a Grain trade  |z Canada. 
999 |a MARS 
999 f f |s 51ca1e63-710d-30d0-a898-8ee5e514d696  |i e4a38e78-e0b4-3178-b05a-32aca1458574  |t 0 
952 f f |p ric  |a Texas A&M University  |b Rellis Campus  |c Joint Library Facility  |d Remote Storage  |t 0  |e HD9044.C33 C375 1990  |h Library of Congress classification  |i unmediated -- volume  |m A14814983039 
998 f f |a HD9044.C33 C375 1990  |t 0  |l Remote Storage